Дело об определении князя П. Тюфякина вице-директором театральных зрелищ

RUSMARC
00005338cbc2a2200000#x 450
001f0399daf-fc07-47ca-b113-90167cdc8993
00520190826095755.0
100##$a20161209l18121812k l0rusy0189 ca
1010#$arus
102##$aRU
2001#$aДело об определении князя П. Тюфякина вице-директором театральных зрелищ
$jапрель 1812 г.
251##$cДело
300##$aЗаголовок дела также: Дело об определении князя Петра Тюфякина вице-директором театральных зрелищ
300##$aРукописный текст. Чернила
801#0$aRU
$bРГИА
$c20161209
801#1$aRU
$bГлавНИВЦ
$c20161209
$2rusmarc
801#2$aRU
$bПБ им. Б.Н. Ельцина
$c20181003
$gRCR
$2rusmarc
850##$aФедеральное казенное учреждение "Российский государственный исторический архив" (РГИА)
852##$aРГИА
$j1036
937##$hРГИА
$d12235127
$aASBIBLIO_SCAN
462#0$1001dd3991dc-24e1-42ec-8838-ca4255420416
$12001
$a1746-1850 гг.
$vД. 1036
$1251
$cОпись
$1852
$j1
461#0$10019264ebf8-de62-4f1a-9eb4-9f22098dbbd5
$12001
$aДирекция императорских театров МИДв
$1251
$cФонд
$1852
$j497
215##$a6 листов
$d36,5х26 см
371##$aДокумент не является опубликованным и широко распространяемым
105##$ay###
1220#$ad181204####
035##$af0399daf-fc07-47ca-b113-90167cdc8993
856##$uhttp://readingroom.main.prlib.ru/item.aspx?id_node=n118830836&mode=full
5171#$aДело об определении князя Петра Тюфякина вице-директором театральных зрелищ
600#1$2prlib_sh
$3LIBNET\UAF\0000080146
$aТюфякин
$bП. И.
$f1769-1845
$gПетр Иванович
$jДокументы и материалы
605##$2acquisition_Prlib
$3DITM\AF\0000003834
$aНарод
$lколлекция
605##$aГод театра в России
$lколлекция
$2acquisition_Prlib
$3LIBNET\UAF\0000080478
60101$2prlib_sh
$3LIBNET\UAF\0000080151
$aРоссия
$bДирекция императорских театров
$jДокументы и материалы
$xДеятельность
686##$2rubbk
$a85.33ю1
$vLBC/M
686##$a63.3(2)521-7ю1
$vLBC/M
$2rubbk
Формат отображения